| 000 | 00516nam a2200181 a 4500 | ||
|---|---|---|---|
| 003 | DO-SdBNP | ||
| 005 | 20211008153141.0 | ||
| 007 | ta | ||
| 008 | 111006s1804 000 spa d | ||
| 040 |
_aDO-SdBNP _bspa _cBNPHU |
||
| 082 | 4 | _aBNPHU | |
| 100 | 1 |
_aBáez, M. Ramón _980154 |
|
| 245 | 0 |
_aÉtude sur quelques-uns traitements palliatifs de la salpingite non enkyatée / _cM. Ramón Báez |
|
| 260 |
_aParis : _bG. Steinhell, _c1894. |
||
| 300 |
_a480 p. _c24 cm. |
||
| 910 | _aBtavárez | ||
| 942 |
_2ddc _cLBS1 |
||
| 999 |
_c34035 _d34035 |
||